| 000 | 01162cam a22003131i 4500 | ||
|---|---|---|---|
| 003 | SA-RiAUC | ||
| 005 | 20250120133746.0 | ||
| 008 | 250119s1987 ku g b 001 0 ara c | ||
| 020 | _a | ||
| 040 |
_aSA-RiAUC _bara _cSA-RiAUC _erda |
||
| 050 | 4 | _b.A28 1987 | |
| 082 | 0 | 4 |
_a257.5 _qSA-RiAUC |
| 090 |
_a257.5 _b ا ب و غ |
||
| 100 | 1 |
_aأبو غدة، حسن عبد الغني، _d1947- _eمؤلف. |
|
| 245 | 1 | 0 |
_aأحكام السجن ومعاملة السجناء في الإسلام / _cحسن أبو غدة. |
| 250 | _aالطبعة الأولى. | ||
| 264 | 1 |
_aالكويت : _bمكتبة المنار الإسلامية، _c1987 |
|
| 300 |
_a691 صفحة ؛ _c25 سم |
||
| 336 |
_aنص _btxt _2rdacontent _3كتاب |
||
| 337 |
_aبدون وسيط _bn _2rdamedia |
||
| 338 |
_aمجلد _bnc _2rdacarrier |
||
| 500 | _aكشافات : صفحة 613-632. | ||
| 504 | _aببليوجرافية : صفحة 633-670. | ||
| 650 | 7 |
_aالسجون (فقه إسلامي) _2aucsh |
|
| 650 | 7 |
_aالمسجونون _2aucsh |
|
| 650 | 7 |
_aالقضاء في الإسلام _2aucsh |
|
| 942 |
_2ddc _cBOOK _n0 |
||
| 949 |
_aSA-JeALM _d250119 _uosman123 _n1 |
||
| 999 |
_c5020 _d5020 |
||